Propuesta de un sistema de aprovechamiento de gas natural, como alternativa para generación de electricidad, (Registro nro. 2535)

Detalles MARC
000 -LEADER
campo de control de longitud fija 02125nam a22003497a 4500
001 - NÚMERO DE CONTROL
campo de control 42835
003 - IDENTIFICADOR DE NÚMERO DE CONTROL
campo de control gtgccic
005 - FECHA Y HORA DE LA ÚLTIMA TRANSACCIÓN
campo de control 20251121105931.0
007 - CAMPO FIJO DE DESCRIPCIÓN FÍSICA--INFORMACIÓN GENERAL
campo de control de longitud fija ta
008 - DATOS DE LONGITUD FIJA--INFORMACIÓN GENERAL
campo de control de longitud fija 251119b gt ||||| |||| 00| 0 spa d
040 ## - FUENTE DE CATALOGACIÓN
Centro catalogador/agencia de origen gtgccic
Lengua de catalogación spa
Centro/agencia transcriptor gtgccic
Normas de descripción rda
084 ## - OTRO NÚMERO DE CLASIFICACIÓN
Número de control del registro de autoridad o número normalizado TPI-17-0121
100 10 - ENTRADA PRINCIPAL--NOMBRE DE PERSONA
Nombre de persona Ricardo David Rosales López
Fechas asociadas al nombre Ingeniero Petrolero
Término indicativo de función/relación autor
245 10 - MENCIÓN DEL TÍTULO
Título Propuesta de un sistema de aprovechamiento de gas natural, como alternativa para generación de electricidad,
Resto del título y su incidencia en la disminución de gases de efecto invernadero /
Mención de responsabilidad, etc. Rosales López, Ricardo David
264 #1 - PRODUCCIÓN, PUBLICACIÓN, DISTRIBUCIÓN, FABRICACIÓN Y COPYRIGHT
Producción, publicación, distribución, fabricación y copyright Guatemala, Guatemala :
Nombre del de productor, editor, distribuidor, fabricante USAC, Facultad de Ingeniería ;
Fecha de producción, publicación, distribución, fabricación o copyright 2017.-
300 ## - DESCRIPCIÓN FÍSICA
Extensión xxxii, 69 p. :
Otras características físicas il. ;
Dimensiones 27 cm
336 ## - TIPO DE CONTENIDO
Fuente rdacontenido
Término de tipo de contenido Texto
Código de tipo de contenido txt
337 ## - TIPO DE MEDIO
Fuente rdamedio
Nombre/término del tipo de medio sin mediación
Código del tipo de medio n
338 ## - TIPO DE SOPORTE
Fuente rdasoporte
Nombre/término del tipo de soporte volumen
Código del tipo de soporte nc
502 ## - NOTA DE TESIS
Nota de tesis Tesis Postgrado
Tipo de título MAESTRO EN ARTES EN ENERGÍA Y AMBIENTE
Nombre de la institución que otorga el título USAC, Facultad de Ingeniería, Escuela de Postgrado
Año de obtención del título 2017
Identificador de la tesis TPI-17-0121
504 ## - NOTA DE BIBLIOGRAFÍA, ETC.
Nota de bibliografía, etc. Nota Bibliografía pag. 59
505 ## - NOTA DE CONTENIDO CON FORMATO
Título 1. MARCO TEÓRICO
505 ## - NOTA DE CONTENIDO CON FORMATO
Título 2. DESARROLLO DE LA INVESTIGACIÓN
505 ## - NOTA DE CONTENIDO CON FORMATO
Título 3. PRESENTACIÓN DE RESULTADOS
505 ## - NOTA DE CONTENIDO CON FORMATO
Título 4. DISCUSIÓN DE RESULTADOS
520 #3 - RESUMEN, ETC.
Sumario, etc. La quema de gas natural al ambiente es una práctica común en la industria petrolera, por considerarse el gas como asociado a la producción de petróleo, consiste en dirigir el gas en una tubería vertical y encenderlo para su quema. Anteriormente se desconocía que las cuencas hidrocarburíferas de Guatemala, tenían potencial para la producción de gas natural, las empresas petroleras establecidas únicamente se enfocaban en producir petróleo. El gas natural que actualmente se está quemando en el campo petrolero Ocultún, ubicado en el municipio de la Libertad departamento de Petén se debe aprovechar ya que con la quema de este, se emiten gases contaminantes como lo son el Dióxido de Carbono CO2, Metano CH4 y Óxido Nitroso N2O.
650 ## - PUNTO DE ACCESO ADICIONAL DE MATERIA--TÉRMINO DE MATERIA
Término de materia o nombre geográfico como elemento de entrada GAS NATURAL
650 ## - PUNTO DE ACCESO ADICIONAL DE MATERIA--TÉRMINO DE MATERIA
Término de materia o nombre geográfico como elemento de entrada EMISIÓN DE GAS EFECTO INVERNADERO
700 ## - ENTRADA AGREGADA--NOMBRE PERSONAL
Nombre de persona M.Sc. Luis Fernando Velásquez Pottier
Término indicativo de función/relación asesor
942 ## - ELEMENTOS DE ENTRADA SECUNDARIOS (KOHA)
Fuente de la clasificación o esquema de estantería Clasificación Decimal Dewey
Tipo de ítem Koha TESISPOSTGRADO
945 ## - PROCESAMIENTO DE INFORMACIÓN LOCAL (OCLC)
a amlo
Existencias
Estatus retirado Estado de pérdida Fuente de la clasificación o esquema de estantería Estado de daño No para préstamo Biblioteca de origen Biblioteca actual Fecha de adquisición Número de inventario Total de préstamos Signatura topográfica completa Código de barras Visto por última vez Precio de reemplazo Tipo de ítem Koha Nota pública
    Clasificación Decimal Dewey     CENTRO DE INFORMACIÓN A LA CONSTRUCCIÓN-CICON CENTRO DE INFORMACIÓN A LA CONSTRUCCIÓN-CICON 19/11/2025 P20170121   TPI-17-0121 20170121 19/11/2025 19/11/2025 TESISPOSTGRADO disponible